000
00302nam a2200121Ia 4500
008
231129s9999||||xx |||||||||||||| ||spa||
040
_b
spa
082
_a
620.1064 H893d
100
_a
Hughes William F.
245
0
_a
Dinamica de fluidos : teoria y problemas
264
_a
McGraw-Hill
942
_2
ddc
_c
BKS
999
_c
9561
_d
9561